Globalization(s) and anti-globalization(s): implications for development studies /
Kaydedildi:
| Yazar: | |
|---|---|
| Materyal Türü: | Metin |
| Konular: | |
| Etiketler: |
Etiketle
Etiket eklenmemiş, İlk siz ekleyin!
|
MARC
| LEADER | 00000 a a2200000 04500 | ||
|---|---|---|---|
| 001 | 18624 | ||
| 003 | |||
| 040 | |||
| 100 | |a Shaw, Timothy M. | ||
| 245 | |a Globalization(s) and anti-globalization(s): |b implications for development studies / |c Timothy M. Shaw | ||
| 650 | |a GLOBALIZACION | ||
| 650 | |a INVESTIGACION SOBRE EL DESARROLLO | ||
| 650 | |a DESARROLLO ECONOMICO Y SOCIAL | ||
| 773 | |g volumen 13, número 2; páginas 164-168 | ||
| 999 | |c 24411 |d 24411 | ||
